000 01080nam a2200325 a 4500
001 000112665
003 CHAP
005 20220329144316.0
008 160905s2006 mx a |r| |||0|||spa d
010 _a109126
011 _a110098
020 _a9688846627
040 _cCHAP
082 0 4 _a322.42097216
_bL95 2006
100 1 _aLugo Hernández, Raúl Florencio
_9131087
245 1 3 _aEl asalto al cuartel de Ciudad Madera (23 de septiembre de 1965) :
_btestimonio de un sobreviviente /
_cpor Raúl Florencio Lugo Hernández.
250 _a3 ed.
260 _aChapingo, Méx. :
_bUACH. Departamento de Publicaciones,
_c2006.
300 _a101 p. :
_bil.
590 _aBATCH-UPD
_b10
_c20161121
_lUCH01
_h0955
590 _aE11695DGD
_b10
_c20161121
_lUCH01
_h0954
590 _aE6096MTM
_b05
_c20160905
_lUCH01
_h1504
590 _aE6096MTM
_b05
_c20160912
_lUCH01
_h0944
590 _aE6096MTM
_b05
_c20160912
_lUCH01
_h0944
650 1 4 _aGuerrillas
_xOperaciones tácticas.
_951291
650 1 4 _aGuerrillas
_zChihuahua.
_9131286
901 _aBK
942 _cLIBRO
942 _n0
999 _c109126
_d109126